The major counting of nonintersecting Lattice paths and generating functions for tableaux
Αποθηκεύτηκε σε:
| Κύριος συγγραφέας: | |
|---|---|
| Μορφή: | Βιβλίο |
| Γλώσσα: | English |
| Δημοσίευση: |
Providence, Rhode island :
American Mathematical Society,
c1995
|
| Σειρά: | Memoirs of the American Mathematical Society ;
; 552 |
| Θέματα: | |
| Ετικέτες: |
Προσθήκη ετικέτας
Δεν υπάρχουν, Καταχωρήστε ετικέτα πρώτοι!
|
MARC
| LEADER | 00000nam a2200000 i 4500 | ||
|---|---|---|---|
| 001 | 1/90291 | ||
| 008 | 990922s1995 eng d | ||
| 020 | |a 0821826131 | ||
| 035 | |l 10053044 | ||
| 040 | |a GR-MY-UA |b gre |e aacr | ||
| 041 | 0 | |a eng | |
| 082 | 0 | |a 511.62 | |
| 100 | 1 | |a Krattenthaler, Christian |d 1958- | |
| 245 | 1 | 4 | |a The major counting of nonintersecting Lattice paths and generating functions for tableaux / |c C. Krattenthaler |
| 260 | |a Providence, Rhode island : |b American Mathematical Society, |c c1995 | ||
| 300 | |a vi, 109 p.; |b ill.; |c 26 cm. | ||
| 490 | 1 | |a Memoirs of the American Mathematical Society |v ; 552 | |
| 500 | |a Includes bibliographical references | ||
| 500 | |a Volume 115, number 552 (fourth of 5 numbers) | ||
| 650 | 0 | 0 | |a Generating functions. |
| 650 | 0 | 0 | |a Lattice paths. |
| 650 | 0 | 0 | |a Young tableaux. |
| 650 | 0 | 0 | |a Hypergeometric series. |
| 830 | 0 | |a Memoirs of the American Mathematical Society ; |v ; 552 | |
| 852 | |a INST |b SAMOS |e 19990922 |h 511.62 KRA |p 005300012193 |q 005300012193 |t BK |y 0 | ||
| 901 | |a BIBL3-1999-3 | ||
| 909 | |a Σ |b 063445 | ||
| 922 | |a 3ΕΛΗ |b 199907 |c ΕΠΕΑΕΚ/ΜΑΘ |d ΠΑΠΑΣΩΤΗΡΙΟΥ | ||
| 970 | |a ΓΕΝΟΥΖΟΥ |b ΧΡΥΣΑΝΘΗ |z 1999/09/22 | ||